[Event "Hampshire Open"]
[Site "Fareham"]
[Date "2023.11.04"]
[Round "2.11"]
[White "Melling, Hugo"]
[Black "Pradhan, Ayan"]
[Result "0-1"]
[WhiteElo "1717"]
[BlackElo "1795"]
[PlyCount "82"]
[EventDate "2023.11.03"]
[EventType "swiss"]
[EventRounds "6"]
[EventCountry "ENG"]
[SourceTitle "BritBase"]
[Source "John Saunders"]
[SourceDate "2025.02.10"]
[SourceVersion "1"]
[SourceVersionDate "2025.02.10"]
[SourceQuality "1"]

1. d4 Nf6 2. c4 e6 3. Nf3 Be7 4. Nc3 d5 5. Bg5 b6 6. e3 Bb7 7. cxd5 Nxd5 8. Bxe7 Qxe7 9. Be2 Nd7 10. O-O O-O 11. Rc1 c5 12. Qd2 Rfd8 13. a3 cxd4 14. exd4 Nxc3 15. Rxc3 Nf6 16. Rfc1 Ne4 17. Qf4 Nxc3 18. Rxc3 Rac8 19. Qd2 Bxf3 20. Bxf3 Rxc3 21. Qxc3 Qd6 22. h3 Qxd4 23. Qc7 Qd7 24. Qc3 Rc8 25. Qe3 Qc7 26. Qd4 e5 27. Qa4 Qc1+ 28. Kh2 Qf4+ 29. Qxf4 exf4 30. Be4 Kf8 31. g3 Rc4 32. Bd3 Rd4 33. Bf5 Rd2 34. Kg2 fxg3 35. Kxg3 Rxb2 36. a4 a6 37. Bd7 b5 38. axb5 axb5 39. Bxb5 Rxb5 40. Kh4 h5 41. f3 Ke7 0-1

[Event "Hampshire Open"]
[Site "Fareham"]
[Date "2023.11.04"]
[Round "2.12"]
[White "Moore, Gillian A"]
[Black "Crosswell, Neil"]
[Result "1/2-1/2"]
[WhiteElo "1702"]
[BlackElo "1752"]
[PlyCount "132"]
[EventDate "2023.11.03"]
[EventType "swiss"]
[EventRounds "6"]
[EventCountry "ENG"]
[SourceTitle "BritBase"]
[Source "John Saunders"]
[SourceDate "2025.02.10"]
[SourceVersion "1"]
[SourceVersionDate "2025.02.10"]
[SourceQuality "1"]

1. d4 Nf6 2. Bg5 d6 3. Bxf6 exf6 4. g3 Be7 5. Bg2 O-O 6. Nf3 Nc6 7. Nc3 Bd7 8. O-O Re8 9. Nd5 Bf8 10. Re1 Ne7 11. Ne3 d5 12. c4 dxc4 13. Nxc4 Be6 14. Qc2 c6 15. e4 Rc8 16. a3 Ng6 17. Rad1 Qc7 18. b4 Bxc4 19. Qxc4 a5 20. Rb1 axb4 21. axb4 b6 22. Bh3 Ra8 23. Nd2 Ra4 24. d5 c5 25. Qb5 Rea8 26. Rec1 Qa7 27. bxc5 Bxc5 28. Nb3 Rb4 29. Qe2 Bd6 30. Rc6 Be5 31. Qc2 Qa4 32. Rc8+ Rxc8 33. Qxc8+ Nf8 34. Qc2 Rxe4 35. Bg2 Rc4 36. Qd1 Bd6 37. h4 h6 38. Bh3 Nd7 39. Nd2 Qxd1+ 40. Rxd1 Rc7 41. Ne4 Bb4 42. Kh2 Ne5 43. Bg2 Rc2 44. d6 Rc8 45. Rb1 Ba5 46. Bh3 Rd8 47. Rb3 Kh7 48. f4 Nc4 49. Rd3 Kg6 50. d7 f5 51. Nd6 Nxd6 52. Rxd6+ f6 53. Rd5 Kf7 54. Bxf5 g6 55. Bc2 Ke6 56. Bb3 Rxd7 57. Rxa5+ Ke7 58. Rd5 Rc7 59. Kh3 Rc3 60. Rb5 Rc6 61. f5 g5 62. Ba4 Rd6 63. Bc2 Rc6 64. Be4 Rc4 65. Bf3 gxh4 66. gxh4 Rc3 {... 75 moves (illegible)} 1/2-1/2

[Event "Hampshire Open"]
[Site "Fareham"]
[Date "2023.11.04"]
[Round "3.1"]
[White "Cave, Iwan"]
[Black "Pye, David E"]
[Result "1-0"]
[WhiteElo "2212"]
[BlackElo "2141"]
[PlyCount "71"]
[EventDate "2023.11.03"]
[EventType "swiss"]
[EventRounds "6"]
[EventCountry "ENG"]
[SourceTitle "BritBase"]
[Source "John Saunders"]
[SourceDate "2025.02.10"]
[SourceVersion "1"]
[SourceVersionDate "2025.02.10"]
[SourceQuality "1"]

1. d4 Nc6 2. c4 e5 3. d5 Nce7 4. Nf3 Ng6 5. a3 Nf6 6. Nc3 a5 7. h4 h5 8. Bg5 d6 9. Qc2 Be7 10. e3 Nd7 11. Bd3 Ngf8 12. Bxe7 Qxe7 13. Na4 Nb6 14. Nxb6 cxb6 15. Ng5 g6 {(=)} 16. O-O Rg8 17. f4 f6 18. Ne6 Bxe6 19. dxe6 Qxe6 20. f5 Qf7 21. Qa4+ Qd7 22. Qxd7+ Kxd7 23. fxg6 Ke7 24. Rf5 Nxg6 25. Rxh5 Nf8 26. Be4 Rg7 27. Bxb7 Rb8 28. Bc6 Ne6 29. Rf1 Rbg8 30. Rhf5 Rh8 31. Rxf6 Nf4 32. R6xf4 exf4 33. Rxf4 Ke6 34. Bd5+ Ke5 35. g4 Rh5 36. Kf2 1-0

[Event "Hampshire Open"]
[Site "Fareham"]
[Date "2023.11.04"]
[Round "3.2"]
[White "Walker, Max"]
[Black "Northcott, Paul"]
[Result "0-1"]
[WhiteElo "2087"]
[BlackElo "1891"]
[PlyCount "98"]
[EventDate "2023.11.03"]
[EventType "swiss"]
[EventRounds "6"]
[EventCountry "ENG"]
[SourceTitle "BritBase"]
[Source "John Saunders"]
[SourceDate "2025.02.10"]
[SourceVersion "1"]
[SourceVersionDate "2025.02.10"]
[SourceQuality "1"]

1. e4 c6 2. d4 d5 3. Nc3 dxe4 4. Nxe4 Nf6 5. Nxf6+ exf6 6. c3 Bd6 7. Bd3 Be6 8. Ne2 Nd7 9. Bf4 Nf8 10. O-O Ng6 11. Bxd6 Qxd6 12. Qd2 O-O 13. a4 Rfe8 14. h3 Rad8 15. Rfe1 f5 16. a5 Bd5 17. c4 Be4 18. Ra3 Bxg2 19. Bxf5 Nh4 20. Bg4 Re4 21. Rg3 Bxh3 22. Bxh3 Qxg3+ 23. Nxg3 Rxe1+ 24. Qxe1 Nf3+ 25. Kf1 Nxe1 26. Kxe1 Rxd4 27. Bc8 b6 28. axb6 axb6 29. Ba6 b5 30. cxb5 cxb5 31. Bxb5 Rb4 32. Bd3 Rxb2 33. Kf1 g6 34. Kg2 h5 35. Ba6 Kg7 36. Bc8 Kh6 37. Nf1 f5 38. Kg3 f4+ 39. Kf3 g5 40. Nh2 Rb4 41. Kg2 g4 42. Bxg4 hxg4 43. Nxg4+ Kg5 44. Ne5 Kf5 45. Nf3 Rb8 46. Nd2 Kg4 47. Nf3 Rg8 48. Nd4 f3+ 49. Kh2 Kf4 0-1

[Event "Hampshire Open"]
[Site "Fareham"]
[Date "2023.11.04"]
[Round "3.3"]
[White "Sandbrink, Kai"]
[Black "Hasson, Peter"]
[Result "1/2-1/2"]
[WhiteElo "1870"]
[BlackElo "2077"]
[PlyCount "46"]
[EventDate "2023.11.03"]
[EventType "swiss"]
[EventRounds "6"]
[EventCountry "ENG"]
[SourceTitle "BritBase"]
[Source "John Saunders"]
[SourceDate "2025.02.10"]
[SourceVersion "1"]
[SourceVersionDate "2025.02.10"]
[SourceQuality "1"]

1. d4 d6 2. c4 g6 3. Nf3 Bg7 4. g3 Nf6 5. Bg2 O-O 6. O-O Nbd7 7. Nc3 e5 8. e4 exd4 9. Nxd4 Re8 10. Re1 Nc5 11. b4 Ne6 12. Be3 Ng4 13. Nxe6 Nxe3 14. Rxe3 Bxe6 15. Qd3 a5 16. b5 Rc8 17. Rd1 b6 18. Nd5 Bxd5 19. cxd5 Qf6 20. Re2 Qc3 21. Rc2 Qxd3 22. Rxd3 Re7 23. Rdd2 Rf8 1/2-1/2

[Event "Hampshire Open"]
[Site "Fareham"]
[Date "2023.11.04"]
[Round "3.4"]
[White "Pradhan, Abhishek"]
[Black "Marsh, Roger DW"]
[Result "1/2-1/2"]
[WhiteElo "1884"]
[BlackElo "1940"]
[PlyCount "93"]
[EventDate "2023.11.03"]
[EventType "swiss"]
[EventRounds "6"]
[EventCountry "ENG"]
[SourceTitle "BritBase"]
[Source "John Saunders"]
[SourceDate "2025.02.10"]
[SourceVersion "1"]
[SourceVersionDate "2025.02.10"]
[SourceQuality "1"]

1. d4 Nf6 2. c4 e6 3. Nf3 b6 4. g3 Bb7 5. Bg2 Bb4+ 6. Nbd2 Ne4 7. O-O Nxd2 8. Bxd2 Bxd2 9. Qxd2 d6 10. Rfd1 Nd7 11. Qf4 Qf6 12. Qxf6 Nxf6 13. Rac1 Ke7 14. c5 Rac8 15. h4 Bd5 16. Rd3 h6 17. Re3 a5 18. Nd2 Bxg2 19. Kxg2 dxc5 20. dxc5 Nd7 21. cxb6 cxb6 22. Rec3 Rxc3 23. Rxc3 Nc5 24. Nc4 Rb8 25. Rf3 f6 26. g4 Nd7 27. Rb3 e5 28. e3 Ke6 29. Rb5 g6 30. f4 a4 31. Kf3 Rc8 32. f5+ gxf5 33. gxf5+ Ke7 34. Nxb6 Nxb6 35. Rxb6 Rc4 36. e4 h5 37. Rb7+ Kf8 38. a3 Rc2 39. Rb4 Rh2 40. Kg3 Re2 41. Rxa4 Rxb2 42. Ra8+ Kg7 43. a4 Rb3+ 44. Kf2 Rh3 45. a5 Rxh4 46. Kf3 Rh3+ 47. Kf2 1/2-1/2

[Event "Hampshire Open"]
[Site "Fareham"]
[Date "2023.11.04"]
[Round "3.5"]
[White "Clancy, Martin J"]
[Black "Cordner, David A"]
[Result "1/2-1/2"]
[WhiteElo "1809"]
[BlackElo "1949"]
[PlyCount "47"]
[EventDate "2023.11.03"]
[EventType "swiss"]
[EventRounds "6"]
[EventCountry "ENG"]
[SourceTitle "BritBase"]
[Source "John Saunders"]
[SourceDate "2025.02.10"]
[SourceVersion "1"]
[SourceVersionDate "2025.02.10"]
[SourceQuality "1"]

1. e4 c6 2. d4 d5 3. Nc3 dxe4 4. Nxe4 Nf6 5. Nxf6+ exf6 6. c3 Bd6 7. Bd3 Qe7+ 8. Qe2 Bg4 9. f3 Qxe2+ 10. Nxe2 Be6 11. Bf4 Bxf4 12. Nxf4 Nd7 13. O-O O-O 14. Nxe6 fxe6 15. Bc4 Rfe8 16. Rfe1 Kf7 17. Re2 Re7 18. f4 g6 19. Rae1 Rae8 20. Kf2 Nb6 21. Bb3 Nd5 22. Kf3 h6 23. h4 h5 24. Ba4 1/2-1/2

[Event "Hampshire Open"]
[Site "Fareham"]
[Date "2023.11.04"]
[Round "3.6"]
[White "Bird, Tom"]
[Black "Anderson, Thomas R"]
[Result "1/2-1/2"]
[WhiteElo "2026"]
[BlackElo "1894"]
[PlyCount "104"]
[EventDate "2023.11.03"]
[EventType "swiss"]
[EventRounds "6"]
[EventCountry "ENG"]
[SourceTitle "BritBase"]
[Source "John Saunders"]
[SourceDate "2025.02.10"]
[SourceVersion "1"]
[SourceVersionDate "2025.02.10"]
[SourceQuality "1"]

1. Nf3 d6 2. d4 Nf6 3. g3 Nbd7 4. Bg2 c6 5. O-O e5 6. c4 Be7 7. Nc3 O-O 8. b3 Re8 9. dxe5 dxe5 10. Qc2 Qc7 11. Bb2 Bf8 12. Nd2 Nc5 13. Rad1 Bd7 14. Nde4 Ncxe4 15. Nxe4 Nxe4 16. Bxe4 g6 17. Bg2 Rad8 18. c5 Bf5 19. Qc3 Bg7 20. b4 Bg4 21. Qc2 Bf5 22. Qc1 Rxd1 23. Rxd1 Rd8 24. Rd2 a6 25. Qd1 Rxd2 26. Qxd2 Qd7 27. Qxd7 Bxd7 28. a4 f5 29. e4 Kf7 30. exf5 gxf5 31. b5 axb5 32. axb5 Bf8 33. bxc6 Bxc6 34. Bxc6 bxc6 35. Bxe5 Bxc5 36. Kf1 Ke6 37. Bb2 Kd5 38. f3 Bd4 39. Bc1 c5 40. g4 fxg4 41. fxg4 Ke4 42. Ke2 c4 43. Bd2 Be5 44. h3 Bd4 45. h4 Be5 46. h5 Bd4 47. g5 Kf5 48. Kf3 Bg7 49. g6 hxg6 50. hxg6 Kxg6 51. Ke4 c3 52. Bxc3 Bxc3 1/2-1/2

[Event "Hampshire Open"]
[Site "Fareham"]
[Date "2023.11.04"]
[Round "3.7"]
[White "Schell, Finn"]
[Black "Moore, John"]
[Result "1-0"]
[WhiteElo "1916"]
[BlackElo "1639"]
[PlyCount "39"]
[EventDate "2023.11.03"]
[EventType "swiss"]
[EventRounds "6"]
[EventCountry "ENG"]
[SourceTitle "BritBase"]
[Source "John Saunders"]
[SourceDate "2025.02.10"]
[SourceVersion "1"]
[SourceVersionDate "2025.02.10"]
[SourceQuality "1"]

1. e4 e6 2. d4 d5 3. Nd2 dxe4 4. Nxe4 Nd7 5. Bd3 Ngf6 6. Nxf6+ Nxf6 7. c3 Be7 8. Nf3 O-O 9. Qc2 h6 10. Rg1 b6 11. g4 Bb7 12. g5 Bxf3 13. gxf6 Bxf6 14. Bxh6 Qd6 15. Rg3 Bc6 16. Qd2 Qd5 17. Bxg7 Qh1+ 18. Ke2 Bf3+ 19. Rxf3 Qxa1 20. Bxf6 1-0

[Event "Hampshire Open"]
[Site "Fareham"]
[Date "2023.11.04"]
[Round "3.8"]
[White "Deacon, Matthew"]
[Black "Knight, Colin B"]
[Result "1/2-1/2"]
[WhiteElo "1893"]
[BlackElo "1710"]
[PlyCount "38"]
[EventDate "2023.11.03"]
[EventType "swiss"]
[EventRounds "6"]
[EventCountry "ENG"]
[SourceTitle "BritBase"]
[Source "John Saunders"]
[SourceDate "2025.02.10"]
[SourceVersion "1"]
[SourceVersionDate "2025.02.10"]
[SourceQuality "1"]

1. d4 Nf6 2. c4 g6 3. Nc3 Bg7 4. e4 d6 5. f3 Nbd7 6. Be3 e5 7. d5 a5 8. Qd2 h5 9. Nh3 Nc5 10. Nf2 Bd7 11. Be2 b6 12. Qc2 Bh6 13. Bxh6 Rxh6 14. g3 Kf8 15. O-O-O a4 16. Kb1 Kg7 17. g4 Rh8 18. h4 Qc8 19. Rdg1 Qe8 1/2-1/2

[Event "Hampshire Open"]
[Site "Fareham"]
[Date "2023.11.04"]
[Round "3.9"]
[White "Pradhan, Ayan"]
[Black "Karasevics, Aleksandrs"]
[Result "0-1"]
[WhiteElo "1795"]
[BlackElo "1798"]
[PlyCount "92"]
[EventDate "2023.11.03"]
[EventType "swiss"]
[EventRounds "6"]
[EventCountry "ENG"]
[SourceTitle "BritBase"]
[Source "John Saunders"]
[SourceDate "2025.02.10"]
[SourceVersion "1"]
[SourceVersionDate "2025.02.10"]
[SourceQuality "1"]

1. e4 c6 2. Nc3 d5 3. Nf3 dxe4 4. Nxe4 Nf6 5. Ng3 c5 6. Be2 Nc6 7. d3 g6 8. Be3 Bg7 9. O-O b6 10. d4 cxd4 11. Bb5 Bd7 12. Bxc6 Bxc6 13. Nxd4 Bb7 14. c3 O-O 15. Qe2 a6 16. Rfd1 Qc7 17. Rac1 Nd5 18. c4 Nxe3 19. Qxe3 Rfd8 20. b3 Rac8 21. Nde2 Qc5 22. Qxc5 bxc5 23. f4 Kf8 24. f5 Bh6 25. Rb1 Bg7 26. a3 gxf5 27. Nxf5 Be4 28. Nxg7 Bxb1 29. Rxb1 Kxg7 30. Nc3 e6 31. Na4 Rd3 32. Rb2 Kf6 33. Kf2 Ke5 34. Ke2 Kd4 35. b4 cxb4 36. Rxb4 Rxa3 37. c5+ Ke5 38. Rc4 Rb3 39. Rh4 Rc7 40. Rh5+ f5 41. Nb6 Rc3 42. g4 R3xc5 43. gxf5 exf5 44. Na4 Rd5 45. Nb6 Rb5 46. Rh6 a5 0-1

[Event "Hampshire Open"]
[Site "Fareham"]
[Date "2023.11.04"]
[Round "3.10"]
[White "Crosswell, Neil"]
[Black "Thorburn, Richard"]
[Result "0-1"]
[WhiteElo "1752"]
[BlackElo "1871"]
[PlyCount "98"]
[EventDate "2023.11.03"]
[EventType "swiss"]
[EventRounds "6"]
[EventCountry "ENG"]
[SourceTitle "BritBase"]
[Source "John Saunders"]
[SourceDate "2025.02.10"]
[SourceVersion "1"]
[SourceVersionDate "2025.02.10"]
[SourceQuality "1"]

1. d4 Nf6 2. c4 e6 3. Nf3 b6 4. e3 Bb7 5. Be2 Be7 6. Nc3 d5 7. cxd5 Nxd5 8. Nxd5 Bxd5 9. Bd2 O-O 10. O-O Nd7 11. b4 Bd6 12. b5 Qe7 13. Bd3 f5 14. Ne1 e5 15. Bc3 e4 16. Be2 f4 17. exf4 Bxf4 18. Nc2 Qg5 19. Bb2 Rf6 20. g3 e3 21. Bf3 exf2+ 22. Rxf2 Bxf3 23. Qxf3 Raf8 24. Qb3+ Kh8 25. Raf1 Bd6 26. Rxf6 Rxf6 27. Rxf6 Nxf6 28. Qd3 Qd5 29. a3 h6 30. Ne1 Ne4 31. Qe2 Qf5 32. Qf1 Qxf1+ 33. Kxf1 Nd2+ 34. Ke2 Nc4 35. Bc1 Bxa3 36. Bf4 Bd6 37. Kd3 Na3 38. Bxd6 cxd6 39. Ke4 Nxb5 40. Kd5 Kg8 41. Nc2 Kf7 42. Kc6 a6 43. d5 Kf6 44. Kxb6 Ke5 45. Kc6 Nc3 46. Nb4 a5 47. Nd3+ Kd4 48. Nf4 a4 49. Kxd6 a3 0-1

[Event "Hampshire Open"]
[Site "Fareham"]
[Date "2023.11.04"]
[Round "3.11"]
[White "Coburn, Joseph A"]
[Black "Moore, Gillian A"]
[Result "1-0"]
[WhiteElo "1859"]
[BlackElo "1702"]
[PlyCount "125"]
[EventDate "2023.11.03"]
[EventType "swiss"]
[EventRounds "6"]
[EventCountry "ENG"]
[SourceTitle "BritBase"]
[Source "John Saunders"]
[SourceDate "2025.02.10"]
[SourceVersion "1"]
[SourceVersionDate "2025.02.10"]
[SourceQuality "1"]

1. e4 d5 2. exd5 Nf6 3. Bb5+ Bd7 4. Bxd7+ Nbxd7 5. c4 Nb6 6. Nf3 g6 7. O-O Bg7 8. Nc3 O-O 9. d3 c6 10. dxc6 bxc6 11. h3 Qc7 12. Be3 Rab8 13. Qc2 Rfd8 14. Rad1 Nh5 15. b3 f5 16. Ng5 Qd7 17. Rfe1 f4 18. Bxb6 axb6 19. Ne6 Re8 20. Nxg7 Kxg7 21. Re5 Qd4 22. Re4 Qd6 23. Rde1 Rbd8 24. Na4 c5 25. Re6 Qxd3 26. Qxd3 Rxd3 27. Nxb6 Kf8 28. Nd5 Rd2 29. Nc7 Ng7 30. R6e2 Rxe2 31. Rxe2 Rd8 32. Nd5 g5 33. a4 Rb8 34. Rb2 Ne6 35. a5 Nd4 36. Nb6 Ke8 37. b4 cxb4 38. c5 Rb7 39. Rxb4 Nc6 40. Ra4 Kd8 41. Kf1 Ra7 42. Ke2 Rxa5 43. Rxa5 Nxa5 44. Kd3 e6 45. g3 fxg3 46. fxg3 Kc7 47. Ke4 Nc6 48. Nc4 Ne7 49. Ke5 Nf5 50. g4 Ng3 51. Kxe6 Ne4 52. Kf5 Nxc5 53. Kxg5 Ne4+ 54. Kf4 Nf6 55. g5 Nh5+ 56. Kg4 Ng7 57. h4 Kd7 58. h5 Ke6 59. Ne3 Ke5 60. h6 Ne6 61. Nc4+ Kd5 62. Kf5 Nc7 63. g6 {... x moves (illegible)} 1-0

[Event "Hampshire Open"]
[Site "Fareham"]
[Date "2023.11.04"]
[Round "3.12"]
[White "Spirling, Florence"]
[Black "Hordnes, Niclas"]
[Result "1/2-1/2"]
[WhiteElo "1624"]
[BlackElo "1777"]
[PlyCount "104"]
[EventDate "2023.11.03"]
[EventType "swiss"]
[EventRounds "6"]
[EventCountry "ENG"]
[SourceTitle "BritBase"]
[Source "John Saunders"]
[SourceDate "2025.02.10"]
[SourceVersion "1"]
[SourceVersionDate "2025.02.10"]
[SourceQuality "1"]

1. a3 e5 2. c4 Nf6 3. Nc3 Be7 4. Nf3 Nc6 5. b4 d6 6. e3 O-O 7. Bb2 Re8 8. h3 Bf8 9. d3 Be6 10. b5 Nb8 11. e4 Nbd7 12. Be2 Nc5 13. Ng5 Nfd7 14. h4 h6 15. Nxe6 Nxe6 16. Bg4 Ndc5 17. Bxe6 Nxe6 18. Nd5 c6 19. bxc6 bxc6 20. Nb4 Qb6 21. Qd2 a5 22. Na2 Nc5 23. Nc1 Rab8 24. Bc3 a4 25. O-O Qd8 26. g3 Qd7 27. Qd1 Be7 28. Bb4 Ra8 29. Bxc5 dxc5 30. Rb1 f5 31. Re1 f4 32. Kg2 Rf8 33. Kg1 f3 34. Kh2 Qg4 35. Rg1 Bxh4 36. Qf1 Be7 37. Qh3 Qxh3+ 38. Kxh3 Rab8 39. Na2 Rb3 40. Rxb3 axb3 41. Nc3 Bg5 42. Rd1 Rb8 43. Kg4 b2 44. Kxf3 Bc1 45. Nb1 Kf7 46. Ke2 Kg6 47. Rf1 Kf6 48. Rh1 Ke6 49. Re1 Kd6 50. Rh1 g6 51. Kd1 Kc7 52. Rf1 Kb6 1/2-1/2

[Event "Hampshire Open"]
[Site "Fareham"]
[Date "2023.11.04"]
[Round "3.13"]
[White "Melling, Hugo"]
[Black "Kirk, Matthew"]
[Result "1/2-1/2"]
[WhiteElo "1717"]
[BlackElo "1752"]
[PlyCount "67"]
[EventDate "2023.11.03"]
[EventType "swiss"]
[EventRounds "6"]
[EventCountry "ENG"]
[SourceTitle "BritBase"]
[Source "John Saunders"]
[SourceDate "2025.02.10"]
[SourceVersion "1"]
[SourceVersionDate "2025.02.10"]
[SourceQuality "1"]

1. d4 d5 2. c4 c6 3. Nf3 Nf6 4. Nc3 e6 5. Bg5 h6 6. Bh4 dxc4 7. e3 g5 8. Bg3 b5 9. a4 Bb4 10. Qc2 Bb7 11. Be2 Nbd7 12. Ne5 h5 13. h3 a6 14. Bf3 Nd5 15. O-O Qe7 16. Nxd7 Kxd7 17. Nxd5 cxd5 18. axb5 axb5 19. Rxa8 Rxa8 20. Bxh5 f5 21. Be2 Bd6 22. Bxd6 Qxd6 23. b3 Ra3 24. Rb1 Qa6 25. g4 Ra2 26. Rb2 Rxb2 27. Qxb2 Qc6 28. Qc2 fxg4 29. Bxg4 Kc7 30. Qc3 e5 31. f3 exd4 32. exd4 cxb3 33. Qxb3 Qc4 34. Qb2 1/2-1/2

[Event "Hampshire Open"]
[Site "Fareham"]
[Date "2023.11.04"]
[Round "4.1"]
[White "Marsh, Roger DW"]
[Black "Cave, Iwan"]
[Result "1/2-1/2"]
[WhiteElo "1940"]
[BlackElo "2212"]
[PlyCount "58"]
[EventDate "2023.11.03"]
[EventType "swiss"]
[EventRounds "6"]
[EventCountry "ENG"]
[SourceTitle "BritBase"]
[Source "John Saunders"]
[SourceDate "2025.02.10"]
[SourceVersion "1"]
[SourceVersionDate "2025.02.10"]
[SourceQuality "1"]

1. d4 Nf6 2. c4 e6 3. Nc3 Bb4 4. Nf3 d5 5. Bg5 h6 6. Bh4 g5 7. Bg3 Ne4 8. Qc2 h5 9. h3 Nxg3 10. fxg3 Nc6 11. O-O-O Bxc3 12. Qxc3 Qf6 13. e3 Bd7 14. c5 O-O-O 15. Bb5 g4 16. hxg4 hxg4 17. Rxh8 Rxh8 18. Nh4 Qf2 19. Qe1 Qxe1 20. Rxe1 Kd8 21. Bxc6 Bxc6 22. Rf1 Ke8 23. b4 f5 24. Ng6 Bb5 25. Rg1 Rh6 26. Ne5 Ke7 27. Kb2 Be8 28. Kb3 a6 29. a4 Rh2 1/2-1/2

[Event "Hampshire Open"]
[Site "Fareham"]
[Date "2023.11.04"]
[Round "4.2"]
[White "Pradhan, Abhishek"]
[Black "Bird, Tom"]
[Result "0-1"]
[WhiteElo "1884"]
[BlackElo "2026"]
[PlyCount "86"]
[EventDate "2023.11.03"]
[EventType "swiss"]
[EventRounds "6"]
[EventCountry "ENG"]
[SourceTitle "BritBase"]
[Source "John Saunders"]
[SourceDate "2025.02.10"]
[SourceVersion "1"]
[SourceVersionDate "2025.02.10"]
[SourceQuality "1"]

1. d4 d5 2. c4 c6 3. Nc3 Nf6 4. Nf3 e6 5. Bg5 h6 6. Bh4 dxc4 7. e4 g5 8. Bg3 b5 9. e5 Nd5 10. Nd2 Bb7 11. a4 b4 12. Nce4 c3 13. bxc3 bxc3 14. Nc4 Bb4 15. Qc2 O-O 16. h4 g4 17. Rb1 a5 18. Be2 Ba6 19. Ne3 f5 20. exf6 Nxf6 21. Nxf6+ Qxf6 22. Nxg4 Qg7 23. Be5 Qh7 24. Rc1 Nd7 25. Rh3 Nxe5 26. Nxe5 Qxc2 27. Rxc2 Bxe2 28. Kxe2 Rac8 29. Rg3+ Kh7 30. Rg6 Rf4 31. Rxe6 Rxd4 32. Nxc6 Rxh4 33. g3 Rc4 34. Ne5 R4c7 35. f4 Rd8 36. Nd3 Rcd7 37. Re3 Kg7 38. g4 Kf6 39. Nxb4 axb4 40. Kf3 Rd2 41. Re2 R8d3+ 42. Kf2 b3 43. Rexd2 cxd2 0-1

[Event "Hampshire Open"]
[Site "Fareham"]
[Date "2023.11.04"]
[Round "4.3"]
[White "Sandbrink, Kai"]
[Black "Schell, Finn"]
[Result "0-1"]
[WhiteElo "1870"]
[BlackElo "1916"]
[PlyCount "82"]
[EventDate "2023.11.03"]
[EventType "swiss"]
[EventRounds "6"]
[EventCountry "ENG"]
[SourceTitle "BritBase"]
[Source "John Saunders"]
[SourceDate "2025.02.10"]
[SourceVersion "1"]
[SourceVersionDate "2025.02.10"]
[SourceQuality "1"]

1. d4 d5 2. c4 e6 3. Nf3 Nf6 4. g3 dxc4 5. Bg2 c5 6. O-O Nc6 7. dxc5 Qxd1 8. Rxd1 Bxc5 9. Nbd2 c3 10. bxc3 O-O 11. Nb3 Be7 12. Nbd4 Nxd4 13. cxd4 Nd5 14. Bd2 f5 15. Ne5 Rd8 16. e3 Bf6 17. f4 Bxe5 18. dxe5 Bd7 19. e4 fxe4 20. Bxe4 Bc6 21. Bg2 Rd7 22. Bh3 Kf7 23. Bc1 Rad8 24. Ba3 Nc3 25. Rxd7+ Rxd7 26. Bb4 Rd3 27. Bf1 Rf3 28. a3 Nd5 29. Bc5 a6 30. Rc1 Kg6 31. Bf8 Nc3 32. Bb4 Nd5 33. Bd6 h5 34. Bxa6 h4 35. Be2 Re3 36. Kf2 Rb3 37. Bd1 Rb2+ 38. Rc2 Nc3 39. Ke1 Nxd1 40. Rxb2 Nxb2 41. g4 Nd3+ 0-1

[Event "Hampshire Open"]
[Site "Fareham"]
[Date "2023.11.04"]
[Round "4.4"]
[White "Thorburn, Richard"]
[Black "Knight, Colin B"]
[Result "1/2-1/2"]
[WhiteElo "1871"]
[BlackElo "1710"]
[PlyCount "51"]
[EventDate "2023.11.03"]
[EventType "swiss"]
[EventRounds "6"]
[EventCountry "ENG"]
[SourceTitle "BritBase"]
[Source "John Saunders"]
[SourceDate "2025.02.10"]
[SourceVersion "1"]
[SourceVersionDate "2025.02.10"]
[SourceQuality "1"]

1. d4 Nf6 2. c4 g6 3. Nc3 Bg7 4. e4 d6 5. f3 Nbd7 6. Bg5 h6 7. Be3 e5 8. d5 a5 9. Nge2 Nc5 10. Qd2 h5 11. Nc1 b6 12. Nd3 a4 13. Nb4 Bd7 14. Be2 Qc8 15. Rd1 Ng8 16. O-O f5 17. exf5 Bxf5 18. Nd3 Nf6 19. Nxc5 bxc5 20. Bd3 O-O 21. Bc2 Qd7 22. Rfe1 Kh7 23. Bg5 a3 24. b3 Rae8 25. Be4 Ng8 26. Nb5 1/2-1/2

[Event "Hampshire Open"]
[Site "Fareham"]
[Date "2023.11.04"]
[Round "4.5"]
[White "Karasevics, Aleksandrs"]
[Black "Coburn, Joseph A"]
[Result "1-0"]
[WhiteElo "1798"]
[BlackElo "1859"]
[PlyCount "29"]
[EventDate "2023.11.03"]
[EventType "swiss"]
[EventRounds "6"]
[EventCountry "ENG"]
[SourceTitle "BritBase"]
[Source "John Saunders"]
[SourceDate "2025.02.10"]
[SourceVersion "1"]
[SourceVersionDate "2025.02.10"]
[SourceQuality "1"]

1. e4 d6 2. d4 Nf6 3. Bd3 g6 4. c3 Bg7 5. f4 c6 6. Nf3 Nbd7 7. O-O Qc7 8. Na3 O-O 9. e5 dxe5 10. fxe5 Nd5 11. Ng5 N7b6 12. Bd2 f6 13. Nxh7 f5 14. Nxf8 Bxf8 15. c4 1-0

[Event "Hampshire Open"]
[Site "Fareham"]
[Date "2023.11.04"]
[Round "4.6"]
[White "Moore, John"]
[Black "Pradhan, Ayan"]
[Result "0-1"]
[WhiteElo "1639"]
[BlackElo "1795"]
[PlyCount "94"]
[EventDate "2023.11.03"]
[EventType "swiss"]
[EventRounds "6"]
[EventCountry "ENG"]
[SourceTitle "BritBase"]
[Source "John Saunders"]
[SourceDate "2025.02.10"]
[SourceVersion "1"]
[SourceVersionDate "2025.02.10"]
[SourceQuality "1"]

1. e4 e6 2. d4 d5 3. exd5 exd5 4. Bd3 Bd6 5. c3 Ne7 6. Nf3 Bf5 7. O-O Nbc6 8. Re1 Qd7 9. Qc2 Bxd3 10. Qxd3 O-O 11. Ne5 Bxe5 12. dxe5 Qf5 13. Qxf5 Nxf5 14. Bf4 d4 15. Nd2 dxc3 16. bxc3 Rad8 17. g4 Nh4 18. Bg5 Rxd2 19. Bxh4 Rc2 20. Bg3 Rxc3 21. e6 Nd4 22. exf7+ Kxf7 23. Kg2 Nc2 24. Rec1 Rc6 25. Rab1 Kg8 26. Rd1 b6 27. Rd7 Rc8 28. Kg1 Rc4 29. Rc1 a5 30. h3 b5 31. Be5 Re8 32. Bxc7 a4 33. Rd8 Rxd8 34. Bxd8 b4 35. Rb1 Rc8 36. Be7 Rb8 37. Rb2 b3 38. axb3 axb3 39. Kf1 Kf7 40. Bc5 Rc8 41. Ba7 Rc3 42. Kg2 Ke6 43. Bb8 Ne3+ 44. Kh2 Nc4 45. Rb1 b2 46. Bf4 Rc2 47. Kg2 Na3 0-1

[Event "Hampshire Open"]
[Site "Fareham"]
[Date "2023.11.04"]
[Round "4.7"]
[White "Hordnes, Niclas"]
[Black "Kirk, Matthew"]
[Result "1/2-1/2"]
[WhiteElo "1777"]
[BlackElo "1752"]
[PlyCount "41"]
[EventDate "2023.11.03"]
[EventType "swiss"]
[EventRounds "6"]
[EventCountry "ENG"]
[SourceTitle "BritBase"]
[Source "John Saunders"]
[SourceDate "2025.02.10"]
[SourceVersion "1"]
[SourceVersionDate "2025.02.10"]
[SourceQuality "1"]

1. d4 d5 2. Nc3 Nf6 3. Bf4 c6 4. e3 Bf5 5. Nf3 e6 6. Bd3 Bxd3 7. Qxd3 Nbd7 8. O-O Be7 9. Rfe1 O-O 10. e4 dxe4 11. Nxe4 Nxe4 12. Qxe4 Nf6 13. Qe2 Nd5 14. Bg3 Bd6 15. Bxd6 Qxd6 16. Rad1 Rad8 17. c3 Nf4 18. Qe5 Ng6 19. Qxd6 Rxd6 20. Ne5 Rfd8 21. Nc4 1/2-1/2